| 000 | 00741cam a2200193za 4500 | ||
|---|---|---|---|
| 005 | 20230403144338.0 | ||
| 008 | 230403e201706uuxxk | |||||||0|0 eng|d | ||
| 020 | _a9780414058309 (pbk.) : | ||
| 020 |
_a0414058305 (pbk.) : _c£36.74 |
||
| 041 | _aeng | ||
| 082 | 0 | 4 | _a343.41078624 |
| 245 | 1 | 0 |
_aJCT: Management Contractor Collateral Warranty for a Purchaser or Tenant 2016. _bMCWa/P&T 2016 |
| 260 |
_aLondon : _bSweet & Maxwell : _b[distributor] Sweet & Maxwell Ltd : _b[distributor] Thomson Reuters : _b[distributor] Thomson Reuters : _b[distributor] Academic Marketing Services (Pty), _c2017. |
||
| 490 | _aJCT Contracts 2016 | ||
| 500 | _aPaperback. | ||
| 651 | _aUnited Kingdom | ||
| 942 | _n0 | ||
| 999 |
_c121415 _d121415 |
||